000 00894nam a2200313 a 4500
003 AR-BaBNM
005 20251128203439.0
008 082120s2002 ||||||||||||||000 | spa||
040 _cAR-BaBNM
100 1 _aBazin, Robert
245 0 0 _aHistoria de la literatura americana en lengua española
260 _aBuenos Aires
_bNova
_c1958
300 _a412 p.
490 0 _aBiblioteca histórica
500 _aContiene referencias bibliográficas en p. 397
650 4 _aROMANTICISMO
650 4 _aCRITICA LITERARIA
650 4 _aLITERATURA LATINOAMERICANA
650 4 _aHISTORIA LITERARIA
653 _aINFLUENCIA CLASICA
653 _aCOSTUMBRISMO
653 _aMODERNISMO
655 _aLITERATURA
700 1 _aCastagnino, Raúl Héctor
_eprologuista
700 1 _aVázquez, Josefina A. de
_etraductor
800 1 _aAznar, Luis
_edirector
942 _cBK
998 _cMARTIN
999 _c3426
_d3426